000 00346 a2200157 4500
001 152440
020 _a9788506070116
040 _cEscola São Tomás de Aquino
100 _aKAFKA, Franz
240 1 0 _aA metamorfose
_lpor
245 1 0 _aA metamorfose
300 _a94
362 0 _a2013
697 _aRomance / Ficção alemã
942 _cBK
999 _c152440
_d152440